000 00377nam a22001577a 4500
003 MPLRDC
005 20220104144340.0
008 210129b ||||| |||| 00| 0 eng d
082 _a910.3 LYM v.2
100 _a梁友梅校订
245 _a管弦乐法教程, 下卷
_c
250 _a初版
260 _a
_b天同出版社
_c1968
650 _a
942 _cBK
_o910.3 LYM v.2
999 _c48753
_d48743